Premios Nobel de literatura 1901-1994: breves biografías

সংরক্ষণ করুন:
গ্রন্থ-পঞ্জীর বিবরন
প্রধান লেখক: Quezada, Jaime (Author)
বিন্যাস: গ্রন্থ
ভাষা:স্প্যানিশ
প্রকাশিত: Santiago Universitaria 1997
সংস্করন:2a. ed
মালা:Colección Apoyo Escolar
বিষয়গুলি:
ট্যাগগুলো: ট্যাগ যুক্ত করুন
কোনো ট্যাগ নেই, প্রথমজন হিসাবে ট্যাগ করুন!

MARC

LEADER 00000nam a2200000 a 4500
001 UCH7914
003 CL-VaPUC
008 091127e19970000CL |||||||||||||||||spa|d
020 |a 9561110059 
082 0 4 |a 809  |b QUE  |2 21 
100 0 |a Quezada, Jaime  |e author  |9 458969 
245 1 0 |a Premios Nobel de literatura 1901-1994: breves biografías 
250 |a 2a. ed 
300 |a 143 p 
942 |c BK 
945 |d 20091127 00:00:00  |a lazolas 
260 |a Santiago  |b Universitaria  |c 1997 
650 7 |a PREMIOS NOBEL  |2 CL-VaPUC  |9 544286 
650 0 |a Literatura  |9 259151 
650 0 |a Historia de la literatura  |9 322206 
650 0 |a Biografías  |9 255210 
583 |a last modification  |c 20091127 00:00:00  |k Rodrigo Vera 
490 0 |a Colección Apoyo Escolar 
999 |c 338222  |d 338220